Rotačné ultrazvukové obrábanie s veľkou hĺbkou rezu

Guardado en:
Detalles Bibliográficos
Autor principal: Šiška, Denis (Autor)
Otros Autores: Kuruc, Marcel (Orientador)
Formato: Manuscrito Libro
Lenguaje:eslovaco
Publicado: 2021
Materias:
Acceso en línea:http://is.stuba.sk/zp/portal_zp.pl?podrobnosti=158055
Etiquetas: Agregar Etiqueta
Sin Etiquetas, Sea el primero en etiquetar este registro!

MARC

LEADER 00000ntm a22000003a 4500
001 stuzp83617
003 SK-STU
005 20210612211854.7
007 ta
008 150427s2015----xo-----f-mn---000-0-slo-d
040 |a STU  |b slo 
041 0 |a slo 
100 1 |a Šiška, Denis  |u 063000  |k Z4  |4 aut  |U MTF Materiálovotechnologická fakulta  |T MTF Ústav výrobných technológií  |X 85541  |U M3000  |Y 83  |7 85541 
242 0 1 |a Rotary ultrasonic machining with high depth of cut  |y eng 
245 1 0 |a Rotačné ultrazvukové obrábanie s veľkou hĺbkou rezu 
260 |c 2021 
650 4 |a obrábanie  |2 slo 
650 4 |a rotačné ultrazvukové obrábanie  |2 slo 
650 4 |a hĺbka rezu  |2 slo 
650 4 |a machining  |2 eng 
650 4 |a rotary ultrasonic machining  |2 eng 
650 4 |a depth of cut  |2 eng 
700 1 |a Kuruc, Marcel  |u 063200  |k Z1  |4 ths  |U MTF Ústav výrobných technológií  |T MTF Katedra obrábania a počítačovej podpory technológií  |X 48583  |U M3200  |Y 164  |7 A000048583 
856 4 |u http://is.stuba.sk/zp/portal_zp.pl?podrobnosti=158055 
996 |c M* DP-14788  |l MMSKP  |s P  |a 0  |w stuzp83617_0001